01729nam a2200265Ia 450000500170000000800410001702000150005804100080007310000440008124500370012525000220016226400470018430000400023133600270027133700330029833800280033149000250035952008070038460000670119165000570125865000520131565000510136704000350141808400100145320220316235412.0121119s1995 ck a gr 000 0 spa  a95865519030 aspa1 aGonzález Ochoa, Fernando,d1895-1964 10aViaje a piecFernando González aPrimera edición 1aMedellínbUniversidad de Antioquiac1995 a118 páginasbilustracionesc22 cm atextobtxt2rdacontent asin mediaciónbn2rdamedia avolumenbnc2rdacarrier0 aSeñas de identidad3 aDescubrir y compartir con otros las bellezas escénicas de paraísos escondidos, tal como son los caminos antiguos, los bosques naturales, ríos y cascadas, valles y montañas infinitas que circundan nuestra geografía andina, parece ser una de las coincidencias que une a antropólogos, geógrafos, historiadores, sociólogos e ingenieros, entre otros profesionales, que se han sumado a esta aventura. La primera excursión de este proyecto fue en Semana Santa de 2009 con un pequeño grupo de entusiastas caminantes que creímos en el sueño de llegar de Envigado a Aguadas por los posibles caminos y paisajes que recorriera en su periplo el filósofo de Otraparte. Fueron seis jornadas que marcaron el inicio y la lectura de un territorio referenciado con base en el libro del maestro.14aGonzález Ochoa, Fernandod1895-1964vColecciones de escritos142LEMBaLiteratura colombianavColecciones de escritos142LEMBaDescripciones y viajeszColombiavCuentos142LEMBaRelatos de personajeszColombiavCuentos aCO-BoRNBPbspaerdacCO-BoRNBP aC GON